000 00489nam a2200181Ia 4500
005 20260429111906.0
008 260429s9999||||xx |||||||||||||| ||und||
020 _a9781032458694
041 _aEnglish
082 _a572.6
_bLEC
100 _aLeclair, Pascal
245 0 _aLandmark experiments in protein science /
_cPascal Leclair
260 _aBoca Raton :
_bCRC Press,
_c2024.
300 _axiii, 238 p.; pbk
650 _a Protein science
650 _aBiochemistry
942 _cTB
999 _c51304
_d51304